International journal of applied sports sciences (Record no. 38297)

MARC details
000 -LEADER
fixed length control field 00501nam a2200157Ia 4500
022 ## - INTERNATIONAL STANDARD SERIAL NUMBER
ISSN 15982939
050 ## - CALL MARK
Classification number GV 557 .I58/
245 #0 - TITLE STATEMENT
Title International journal of applied sports sciences
260 ## - PUBLICATION, DISTRIBUTION, ETC. (IMPRINT)
Name of publisher Korea Institute of Sport & International Journal of Sports Sciences
260 ## - PUBLICATION, DISTRIBUTION, ETC. (IMPRINT)
Year of publication 2007
300 ## - PHYSICAL DESCRIPTION
Number of Pages v. , 107 p. : ill. ; 26 cm.
650 ## - SUBJECT ADDED ENTRY--TOPICAL TERM
Topical Term Sports sciences--Periodicals. Sports medicine--Periodicals.
942 ## - ADDED ENTRY ELEMENTS (KOHA)
Koha item type Serials

No items available.